00521nam a22001817a 450000500170000001000150001702000270003203500140005903700130007308200110008610000180009724500760011526000370019127000620022830000200029070000260031070000030033620240221113418.0 aENG-139398 c1200.00a9788178246406 aEN-122930 bDBAD/PUB a880.08 aGanguly,Swati aTagore's University:A Story of Visva -Bharati 1921-1961/cSwati Ganguly aRanikhet bPermanent Blackc2022 a"Himalayana", Mall Road, Ranikhet CanttbRanikhete263645 a488p.c23cm(hb) aMukherjee, Rudrangshu